පරිශුද්ධවූ අල්-කුර් ආන් : (Record no. 3777)

MARC details
000 -LEADER
fixed length control field 00853nam a2200205 4500
003 - CONTROL NUMBER IDENTIFIER
control field LK-CoMWRAF
005 - DATE AND TIME OF LATEST TRANSACTION
control field 20231201120549.0
008 - FIXED-LENGTH DATA ELEMENTS--GENERAL INFORMATION
fixed length control field 231004b |||||||| |||| 00| 0 eng d
040 ## - CATALOGING SOURCE
Original cataloging agency LK-CoMWRAF
Modifying agency LK-CoMWRAF
Description conventions LK-CoMWRAF
041 ## - LANGUAGE CODE
Language code of text/sound track or separate title Sinhala; Sinhalese
082 ## - DEWEY DECIMAL CLASSIFICATION NUMBER
Classification number 297
Item number ISM
942 ## - ADDED ENTRY ELEMENTS (KOHA)
Koha item type Books
100 ## - MAIN ENTRY--PERSONAL NAME
Personal name ඉස්මයිල්. නසීම්
110 ## - MAIN ENTRY--CORPORATE NAME
Corporate name or jurisdiction name as entry element කලීල්. මව්ලවි
245 ## - TITLE STATEMENT
Title පරිශුද්ධවූ අල්-කුර් ආන් :
Remainder of title අර් ථය සිංහල භාෂාවෙන් ජූසුව 01 සිට 30 දක්වා
246 ## - VARYING FORM OF TITLE
Title proper/short title Paarishuddhawoo al-kuraan : Arthaya sinhala bhaashaawen jusuwa 01 sita 30 dakwa
260 ## - PUBLICATION, DISTRIBUTION, ETC. (IMPRINT)
Place of publication, distribution, etc. රත්නපුර :
Name of publisher, distributor, etc. ජේ. ජේ. කේ. පබ්ලිකේෂන්
300 ## - PHYSICAL DESCRIPTION
Extent පි. 541
650 ## - SUBJECT ADDED ENTRY--TOPICAL TERM
Topical term or geographic name as entry element කුරාණය--සිංහලෙන්
Holdings
Withdrawn status Lost status Damaged status Not for loan Permanent Location Current Location Date acquired Full call number Barcode Koha item type
        Resource center, Muslim Women's Research And Action Forum Resource center, Muslim Women's Research And Action Forum 2023-10-04 297 ISM RAF2169 Books
        Resource center, Muslim Women's Research And Action Forum Resource center, Muslim Women's Research And Action Forum 2023-10-04 297 ISM RAF2170 Books

Copyright © 2023 Muslim Women's Research and Action Forum (MWRAF), No 27/3, Anderson Road, Kalubowila, Dehiwela. Funded by The Asia Fundation